000 00601nam a2200229Ia 4500
003 OSt
005 20220923230544.0
006 a|||||r|||| 00| 0
007 ta
008 Pun
024 _a283,130
037 _cTextual
040 _aARTS
_cARTS
_bPun
041 _2Pun
_aPun
082 _aO153,3N26w,1, N6
100 _aਪੁਰੀ, ਕੈਲਾF
245 0 _aਬਾਰਿ ਜਾਉ ਲਖ ਬੇਰੀਆ
260 _c1996
650 _aਪੰਜਾਬੀ ਸਾਹਿਤ
942 _hO153,3N26w,1, N6
_cTEXL
_2CC
999 _c385668
_d385668